000 00414nam a2200181Ia 4500
008 210210b1937 xxu||||| |||| 00| 0 eng d
041 _aeng
082 _a829/216
100 _aCROMPTON (R)
245 _aThere are four seasons
260 _aLondon
_bMacmillan & Co. Ltd.
_c1937
650 _aThere
650 _aseasons
650 _afour
650 _aare
690 _aEnglish Fiction
906 _a016823
999 _c136519
_d136519